Score 0/25 Timer 10:00
0 Plays Today
% Correct
Sideshow Bob
77.1%
Sheldon Plankton
62.7%
Skeletor
58%
Newman
55.3%
Jim Moriarty
54.1%
J. R. Ewing
50.6%
Joffrey Baratheon
50.3%
Swiper the Fox
49.7%
Gustavo Fring
41.1%
The Master
38.2%
Shane Walsh
26.7%
The Man in Black
24.5%
The Trinity Killer
22%
% Correct
Professor Chaos
21.2%
Councilman Jamm
19.8%
Shego
18.6%
Nina Myers
18.4%
Caleb
15%
Kid Buu
14.5%
T-Bag
14.1%
Gaius Baltar
13.9%
Azula
13.9%
Gul Dukat
11.8%
Marlo Stanfield
11.1%
Ashur
4.8%
Remove Ads.
Support Sporcle.
Get the best of Sporcle when you Go Orange. This ad-free experience offers more features, more stats, and more fun while also helping to support Sporcle. Thank you for becoming a member.

You're not logged in!

Compare scores with friends on all Sporcle quizzes.
OR
Log In

Show Comments

Extras

Top Quizzes Today


Score Distribution

Your Account Isn't Verified!

In order to create a playlist on Sporcle, you need to verify the email address you used during registration. Go to your Sporcle Settings to finish the process.

Report this User

Report this user for behavior that violates our Community Guidelines.

Details: